000 00368nam a22001577a 4500
005 20200528105057.0
008 200528b xxu||||| |||| 00| 0 eng d
041 _aeng
082 _a340
100 _aBARE ACT
_95744
245 _aPREVENTIVE DETENTION LAWS
260 _aDELHI
_bPROFESSIONALS BOOK PUBLISHERS
300 _a32;p
650 _aLAWS
_95746
942 _cBK
999 _c6566
_d6564